MARC

LEADER 00000nam0a2200000 4500
001 263041
005 20231101233715.0
010 |a 5211001249 
035 |a (RuTPU)RU\TPU\book\286025 
090 |a 263041 
100 |a 20140605d1988 k y0rusy50 ca 
101 0 |a rus 
102 |a RU 
105 |a a z 001zy 
200 1 |a Микростроение мерзлых пород  |e [монография]  |f под ред. Э. Д. Ершова 
210 |a Москва  |c Изд-во Московского ун-та  |d 1988 
215 |a 183 с.  |c ил. 
320 |a Библиогр.: с. 179-181. 
606 1 |a Горные породы, мерзлые  |2 stltpush  |3 (RuTPU)RU\TPU\subj\8126  |9 35611 
610 1 |a мерзлые породы 
610 1 |a микростроение 
610 1 |a исследование 
610 1 |a дисперсные породы 
610 1 |a преобразование 
610 1 |a промерзание 
610 1 |a температурные условия 
610 1 |a внешние воздействия 
610 1 |a оттаивание 
610 1 |a цикличность 
610 1 |a макростроение 
610 1 |a микростроение 
610 1 |a монографии 
675 |a 551.345  |v 3 
702 1 |a Ершов  |b Э. Д.  |4 340 
801 1 |a RU  |b 63413507  |c 20140605 
801 2 |a RU  |b 63413507  |c 20150402  |g RCR 
942 |c BK